Al final de la memoria

Uloženo v:
Podrobná bibliografie
Hlavní autor: Zárate, Milton
Médium: Kniha
Jazyk:Undetermined
Vydáno: San José, Costa Rica Editorial Costa Rica 1991
Témata:
Tagy: Přidat tag
Žádné tagy, Buďte první, kdo vytvoří štítek k tomuto záznamu!

MARC

LEADER 00000nam a2200000Ia 4500
008 170316s9999 xx 000 0 und d
040 |a cru BVZT 
090 |a 868 Z-8f 
100 |a Zárate, Milton  |9 328 
245 |a Al final de la memoria  |c / Milton Zárate 
260 |a San José, Costa Rica  |b Editorial Costa Rica  |c 1991 
300 |a 242 páginas 
650 |a LITERATURA COSTARRICENSE  |9 17 
650 |a POESÍA  |9 18 
999 |c 10641  |d 10641 
942 |c 15 D  |h 868 Z-8f  |2 z